000 00353nam a2200145Ia 4500
008 230917s9999||||xx |||||||||||||| ||und||
040 _e54839
_aMAIN
041 _aEnglish
082 _a342 T828T
100 _aRathore, A
245 0 _aTulnatmak prashasnik vyavasthaen
260 _aJaipur
_bCollege Book
_c1999
300 _aii, 472 p.
942 _cBK
999 _c107807
_d107807